Largest Cities of Islands #2 - Statistics

General Stats
  • This quiz has been taken 35 times
  • The average score is 17 of 50
Answer Stats
Hint Answer % Correct
Crete Heraklion
91%
Tasmania Hobart
91%
Mallorca Palma
91%
Iceland Reykjavik
91%
Corsica Ajaccio
85%
VancouverIsland Victoria
85%
Newfoundland St. John's
82%
Gran Canaria Las Palmas
79%
Phuket Phuket
79%
Barbados Bridgetown
76%
Malta St. Paul's Bay
76%
Jeju Jeju City
70%
Réunion Saint-Dénis
64%
Tenerife Santa Cruz
64%
Madeira Funchal
58%
Grande Comore Moroni
55%
Viti Levu Suva
55%
Ambon Ambon
45%
Penang Island Penang
39%
Zhoushan Dinghai (Zhoushan)
36%
Martinique Fort-de-France
36%
Bioko Malabo
36%
Sakhalin Yuzhno-Sakhalinsk
33%
New Providence Nassau
30%
Jolo Jolo
24%
South Andaman Port Blair
24%
Masbate Masbate City
21%
Santa Catarina Florianópolis
15%
Funen Odense
15%
Mayotte Mamoudzou
12%
Bougainville Buka
9%
Margarita Porlamar
9%
Santiago Praia
9%
Nias Gunungsitoli
6%
New Britain Kimbe
6%
Mactan Lapu-Lapu City
6%
Anjouan Mutsamudu
6%
Halmahera Tobelo / Sofifi
6%
Sumba Waingapu
6%
Buton Baubau
3%
Vendsyssel-Thy Hjørring
3%
Basilan Isabela
3%
Ukerewe Nansio
3%
Muna Raha
3%
Belitung Tanjungpandan
3%
Bintan Tanjungpinang
3%
Seram Masohi
0%
Pingtan Tancheng
0%
Governador Island Tauá (Riode Janeiro)
0%
Pemba Wete
0%
No matching quizzes found
Score Distribution
Percent of People with Each Score
Percentile by Number Answered
Your Score History
You have not taken this quiz